000 00330nam a2200133Ia 4500
008 240624s9999 xx 000 0 und d
041 _aeng
082 _a338.5 GAL
100 _aGALBRAITH JOHN KENNETH
245 _aGREAT CRASH 1929
260 _c1992
_aNew Delhi
_bPenguin Books
300 _a222 : p. : cm. ; 19
365 _c
_b15
999 _c13533
_d13533